|
|
|
|
| LEADER |
00000nam a22000007a 4500 |
| 005 |
2019101008488.0 |
| 007 |
cr|||| |||| |
| 008 |
191010s2019 br |||||s|||| 00||0 por d |
| 020 |
|
|
|a 978-85-69220-57-2
|
| 035 |
|
|
|a 30570
|
| 040 |
|
|
|a vLex
|
| 090 |
|
|
|c 9788
|d 9788
|
| 100 |
1 |
|
|a Da Silva Filho, Joô Antonio
|
| 245 |
1 |
1 |
|a A era do direito positivo
|h [Recurso electrn̤ico] :
|b Reflexe̳s sobre Polt̕ica, Estado, Sociedade e Direito /
|c Joô Antonio Da Silva Filho
|
| 256 |
|
|
|a Servicio en ln̕ea
|
| 260 |
|
|
|a San Pablo:
|b Editora ContraCorrente,
|c 2019
|
| 300 |
|
|
|a 1 recurso electrn̤ico
|
| 500 |
|
|
|a A EDITORA CONTRACORRENTE tem a satisfaȯ̂ de publicar o livro “A ERA DO DIREITO POSITIVO: REFLEXÕES SOBRE POLÍTICA, ESTADO, SOCIEDADE E DIREITO”, de autoria do ilustre Joô Antonio da Silva Filho, Conselheiro do Tribunal de Contas do Municp̕io de Sô Paulo. Nas palavras de Lus̕ Fernando Massonetto, Professor de Direito Econm̥ico da Universidade de Sô Paulo, esta obra se apresenta “como o esforȯ de reflexô de um militante polt̕ico que forja sua conscin̊cia no processo de luta pelo direito e q ue tenta expressar, em um momento mais maduro da sua vida, uma visô particular sobre o fenm̥eno jurd̕ico a partir de uma leitura singular que ilumina os marcos do positivismo com reflexe̳s sobre a polt̕ica, a sociedade e o Estado”.
|
| 506 |
1 |
|
|a Disponible solo en los productos indicados
|d vLex Global
|d vLex Global (Academic Edition, excluding Law Schools)
|d vLex Global (U.S. Academic Edition, Law Schools)
|d vLex Global (U.S. Academic Edition, excluding Law Schools)
|d vLex Global (Academic Edition, Law Schools)
|
| 650 |
0 |
4 |
|a Derecho Militar
|z Brasil
|
| 740 |
0 |
|
|a vLex Libros (Servicio en ln̕ea)
|
| 856 |
4 |
0 |
|u http://vlex.com/source/era-do-direito-positivo-reflex-es-sobre-politica-estado-sociedade-e-direito-30570
|z Acceso restringido
|
| 942 |
|
|
|c BOOK
|
| 999 |
0 |
|
|a Military Law
|